|
|
|
|
| LEADER |
00000cam a2200000 7i4500 |
| 001 |
0000022153 |
| 005 |
20080725.0 |
| 008 |
080725 |
| 020 |
|
|
|a 9833982561
|
| 090 |
0 |
0 |
|a 372.35
|b SCI
|
| 100 |
1 |
|
|a Voo Ming Chee, Anna
|
| 245 |
1 |
0 |
|a Science UPSR
|c Anna Voo Ming Chee
|
| 260 |
|
|
|a Selangor :
|b Pearson Malaysia Sdn. Bhd ,
|c 2008
|
| 440 |
|
|
|a Longman Essential
|
| 650 |
|
0 |
|a Science
|x Elementary education
|x Curricula
|
| 650 |
|
0 |
|a Science
|x Elementary education
|x Examinations study guides
|
| 650 |
|
0 |
|a Science
|x Elementary education
|x Textbooks
|
| 999 |
|
|
|a 0001035151
|b Book
|c Teenagers
|e Perbadanan Perpustakaan Awam Johor
|
| 999 |
|
|
|a 0001035152
|b Book
|c Teenagers
|e Perbadanan Perpustakaan Awam Johor
|
| 999 |
|
|
|a 0001035153
|b Book
|c Teenagers
|e Perbadanan Perpustakaan Awam Johor
|
| 999 |
|
|
|a 0001035154
|b Book
|c Teenagers
|e Perbadanan Perpustakaan Awam Johor
|